| 000 | 01602nam a2200445Ia 4500 | ||
|---|---|---|---|
| 001 | dia_3140 | ||
| 003 | CHAP | ||
| 005 | 20240829131551.0 | ||
| 007 | ta | ||
| 008 | 220117s2004 mx abdof 001 0 spa d | ||
| 040 |
_amxchpua _cCHAP |
||
| 090 |
_aT.C.398 _bR36 IAI _c2004 |
||
| 245 | 1 | 0 |
_aViaje de estudio a la región Chontalpa, Tabasco / _ccoordinador Francisco Javier Ramírez Díaz ; colaboradores José Luis Aldana Juárez...[et al.] |
| 260 |
_aMéxico : _bEl autor, _c2004 |
||
| 300 |
_a181 hojas : _bilustraciones, tablas, gráficas, mapas, fotos |
||
| 336 |
_2rdacontent _atexto _btxt |
||
| 337 |
_2rdamedia _asin medio _bn |
||
| 338 |
_2rdacarrier _avolumen _bnc |
||
| 500 | _aGrado : 5° año | ||
| 502 |
_aViaje de Estudios _b(IAI) -- _cUACh. Departamento de Ingeniería Agroindustrial, _d2004 |
||
| 504 | _aBibliografía : hojas 179-181 | ||
| 650 | 1 | 3 |
_aIndustria agrícola _9137236 _zMéxico _zTabasco |
| 650 | 1 | 3 | _aCaña de azúcar |
| 650 | 1 | 3 |
_aPlátano _989202 |
| 650 |
_aGanado bovino _9138033 |
||
| 650 | 1 | 3 |
_aProductos lácteos _992124 |
| 650 | 1 | 3 |
_aDairy products _9147027 |
| 650 | 1 | 3 | _aCattle |
| 650 | 1 | 3 |
_aAgricultural industry _9154149 _zMexico _zTabasco |
| 650 | 1 | 3 |
_aPlantains (fruit) _9148777 |
| 650 | 1 | 0 |
_aSugarcane _9152878 |
| 700 | 1 |
_aRamírez Díaz, Francisco Javier _993968 _ecoordinador |
|
| 700 | 1 |
_aAldana Juárez, José Luis _9154150 _ecolaborador |
|
| 901 | _aT.C.398 R36 IAI 2004 | ||
| 902 | _aM | ||
| 905 | _a5232272004 mx bdnm8223123322spa16 | ||
| 942 | _2local | ||
| 942 | _cVE | ||
| 999 |
_c173637 _d173637 |
||